00314nam a2200109Ia 4500008004100000020001800041100001800059245007100077250001700148260002500165300001400190171211s9999 xx 000 0 und d a9781455770069 aHall, John E. aPocket Companion to Guyton and Hall Textbook of Medical Physiology a13th Edition bElsevier, Inc.c2016 a704 pages